000
00288nam a22001337a 4500
008
171123b xxu||||| |||| 00| 0 eng d
020
_a
08778573100
041
_a
eng
080
_a
721
100
_a
41
101
_a
NDE
245
_a
MOVABLE INSULATION
_c
WILLIAM.K.L
942
_2
udc
_c
BK
999
_c
38387
_d
38387